El verbo de una gestión (Record no. 187096)

MARC details
000 -LEADER
campo de control de longitud fija 00956nam a2200181 i 4500
001 - NÚMERO DE CONTROL
campo de control 187096
003 - IDENTIFICADOR DE NÚMERO DE CONTROL
campo de control ES-MaACL
005 - FECHA Y HORA DE LA ÚLTIMA TRANSACCIÓN
campo de control 20230906222821.0
008 - DATOS DE LONGITUD FIJA--INFORMACIÓN GENERAL
campo de control de longitud fija 170412s1986 dr c |||| | spa d
080 ## - NÚMERO DE LA CLASIFICACIÓN DECIMAL UNIVERSAL
Número de la Clasificación Decimal Universal 37(729.3)
100 1# - ENTRADA PRINCIPAL--NOMBRE DE PERSONA
Nombre de persona Prats Ramírez, Ivelisse.
9 (RLIN) 162376
245 13 - MENCIÓN DEL TÍTULO
Título El verbo de una gestión
Resto del título : recopilación completa y corregida de los discursos pronunciados por la autora durante su gestión al frente de la Secretaría de Estado de Educación, Bellas artes y Cultos [1982-1986] /
Mención de responsabilidad, etc. Ivelisse Prats-Ramírez de Pérez.
260 ## - PUBLICACIÓN, DISTRIBUCIÓN, ETC.
Lugar de publicación, distribución, etc. Santo Domingo, República Dominicana :
Nombre del editor, distribuidor, etc. Secretaría de Estado de Educación, Bellas Artes y Cultos,
Fecha de publicación, distribución, etc. 1986.
300 ## - DESCRIPCIÓN FÍSICA
Extensión 202 p. :
Otras características físicas 1 retr. ;
Dimensiones 23 cm.
650 #4 - PUNTO DE ACCESO ADICIONAL DE MATERIA--TÉRMINO DE MATERIA
Término de materia o nombre geográfico como elemento de entrada Enseñanza-
Subdivisión geográfica República Dominicana.
9 (RLIN) 162378
710 1# - ENTRADA AGREGADA--NOMBRE DE ENTIDAD CORPORATIVA
Nombre de entidad corporativa o nombre de jurisdicción como elemento de entrada República Dominicana.
Unidad subordinada Secretaría de Estado de Educación, Bellas Artes y Cultos.
9 (RLIN) 162377
852 ## - LOCALIZACIÓN
Ubicación ES-MaACL
Número de control de estantería L-31418
Nota libre - enc. cart.
-- . - Dedicatoria autógrafa de la autora
Holdings
Estatus retirado Estado de pérdida Estado de daño No para préstamo Biblioteca de origen Biblioteca actual Ubicación en estantería Fecha de adquisición Fuente de adquisición Total de préstamos Signatura topográfica completa Código de barras Visto por última vez Precio de reemplazo Tipo de ítem Koha
        Biblioteca del Ateneo de Madrid Biblioteca del Ateneo de Madrid Depósito 2 12/04/2017     L-31418 1197384 23/02/2023 23/02/2023 Libro impreso